COMPARISON OF DIFFERENT TIMES OF MECHANICAL WEED CONTROL ON CELERY CABBAGE (Brasica chinesis) ប្រៀបធៀបចំនួ​នដងនៃវិធីសាស្រ្តកម្ចាត់ស្មៅតាមបែបមេកានិចលើដំណាស្ពៃចង្កឹះ (Record no. 22761)

000 -LEADER
fixed length control field 00689nam a22001337a 4500
040 ## - CATALOGING SOURCE
Transcribing agency RUA
082 ## - DEWEY DECIMAL CLASSIFICATION NUMBER
Classification number AGR ROS 2021 B1-570 Or.
100 ## - MAIN ENTRY--AUTHOR NAME
Personal name ROS CHANTREA រស់ ចន្រ្ទា
245 ## - TITLE STATEMENT
Title COMPARISON OF DIFFERENT TIMES OF MECHANICAL WEED CONTROL ON CELERY CABBAGE (Brasica chinesis) ប្រៀបធៀបចំនួ​នដងនៃវិធីសាស្រ្តកម្ចាត់ស្មៅតាមបែបមេកានិចលើដំណាស្ពៃចង្កឹះ
260 ## - PUBLICATION, DISTRIBUTION, ETC. (IMPRINT)
Place of publication phnom penh
Name of publisher rua
Year of publication 2021
300 ## - PHYSICAL DESCRIPTION
Number of Pages viii. 38p
Other physical details vii.
Dimensions 29cm
856 ## - ELECTRONIC LOCATION AND ACCESS
Uniform Resource Identifier https://drive.google.com/file/d/1zRv1lpsTcySyd1ytVgSt4ujyifX220qf/view?usp=sharing
942 ## - ADDED ENTRY ELEMENTS (KOHA)
Koha item type AGR
952 ## - LOCATION AND ITEM INFORMATION (KOHA)
Withdrawn status [LOCAL, KOHA] 0
952 ## - LOCATION AND ITEM INFORMATION (KOHA)
Withdrawn status [LOCAL, KOHA] 0
952 ## - LOCATION AND ITEM INFORMATION (KOHA)
Withdrawn status [LOCAL, KOHA] 0
952 ## - LOCATION AND ITEM INFORMATION (KOHA)
Withdrawn status [LOCAL, KOHA] 0
Holdings
Permanent Location Date acquired Koha item type Lost status Shelving location Barcode Current Location Full call number
Library Block B2024-04-01AGR B1.570a078835Library Block BAGR ROS 2021 B1-570 Or.
Library Block B2024-04-01AGR B1.570a078843Library Block BAGR ROS 2021 B1-570 Or.
Library Block B2024-04-01AGR B1.570a078823Library Block BAGR ROS 2021 B1-570 Or.
Library Block B2024-04-01AGR B1.570a078831Library Block BAGR ROS 2021 B1-570 Or.
មជ្ឈមណ្ឌលឯការនៃសាកលវិទ្យាល័យភូមិន្ទកសិកម្មចំការដូង

Powered by Koha